Zmiany w gospodarce

Gespeichert in:
Bibliographische Detailangaben
1. Verfasser: Beksiak, Janusz
Format: Buch
Sprache:Polnisch
Veröffentlicht: Warszawa Wydawnictwo Naukowe 1982
Tags: Tag hinzufügen
Keine Tags, Fügen Sie das erste Tag hinzu!

MARC

LEADER 00000nam a2200000 4500
001 c137805
005 20221123135940.7
041 0 |a pol 
044 |a PL 
245 1 0 |a Zmiany w gospodarce  |c Janusz Beksiak 
264 1 |a Warszawa  |b Wydawnictwo Naukowe  |c 1982 
300 |a 349 s. 
100 1 |a Beksiak, Janusz